00438nam a2200181Ia 4500003000400000005001700004008004100021020002200062040000700084041000800091082002200099100002600121245003600147260003200183300001500215365001400230650001200244OSt20230412112116.0210423s2017 xx 000 0 und d a978-1-138-62730-7 cAL aeng a530.44 223bFITP aFITZPATRICK (Richard) aPlasma physics: an introduction aBoca RatonbCRC Pressc2017 axi,281bHB b1400cINR aPhysics